000 00583nam a2200205Ia 4500
001 16653
003 GE_BSU
008 181216s||||||||xx |||||||||||||| ||und||
040 _cGE_BSU
080 _a821.353.1-1
100 _aმირცხულავა, ა.
245 _aლირიკა
245 _cრედ.ნ.ხომერიკი. მხ.გ.გორდელაძე
260 _aთბილისი
260 _bსაბჭ. მწერალი
260 _c1959
300 _a172გვ. ; 17სმ.
653 _aლირიკა
942 _cBK
999 _c49719
_d49719